Регионална библиотека "Любен Каравелов" - Русе

Педагогическа психология (Запис номер 193741)

MARC детайли
000 -Лидер
Контролно поле с фиксирана дължина 01561nam a2200349 c 4500
003 - Код на организацията, давaща контролен номер
Контролно поле BLK
005 - Дата и час на последна редакция
Контролно поле 20220131123835.0
008 - Елементи от данни с фиксирана дължина
fixed length control field 180411b bul|||||r ||||||| ||bul||
010 ## - Наследен системен номер
LC control number KNG00202963000
040 ## - Източник на каталожния запис
Идентификатор на билиотеката - собственик на записа BLK
041 ## - Код за език
Код за езика на текст/звукозапис или на отделно заглавие Български
Код за езика КДБФ Български
072 #7 - Код за тематичната категория
Код организация bullib
Код за тематична категория А
Текст Фонд Михаил Арнаудов
080 ## - УДК
Текстов определител УДК Педагогическа психология
УДК код - определител по УДК 37.015.3
УДК - код + определител 37.015.3
100 1# - Редна дума - Автор
Автор Герасков, Михаил
Авторска отговорност първи автор
R(LIN) 378600
139 ## - Редно поле
Редна дума Герасков, Михаил
Авторски знак Гер - Г 38
245 10 - Сведения за заглавието
Заглавие Педагогическа психология
Редно поле (дума) Михаил Герасков; * Михаил Герасков Балевски.
257 ## - Страна на издаване
Страна на създаване/издаване България
260 ## - Област на издателските данни
Място на издаване, разпространение и проч. София
Име на издателя, разпространителя и проч. Соф. унив. Кл. Охридски
Година на издаване 1932
Печатница София : Графика
300 ## - Физическа характеристика
Страници II, 349 с.
Размери/Мащаб 24 см
380 ## - Жанр
Жанр Обществени науки
490 ## - СЕРИИ (Колекции)
Име на серия Университетска библиотека
№: серия 121
9 (RLIN) 201494
490 ## - СЕРИИ (Колекции)
Име на серия Частна колекция - Академик Михаил Арнаудов
9 (RLIN) 396381
Бележки за серията Дарение - Основен фонд
500 ## - Общи забележки
Забележка Пълното име на авт. Михаил Герасков Балевски. - Библиогр. под линия. - Фонд Михаил Арнаудов - мека подв., неразрязана
650 #4 - Допълнително описание по предмет – тема
Основно описание – тема или топоним Психология, педагогическа
9 (RLIN) 244349
653 ## - Ключова дума – ненормативна
Ключова дума педагогическа психология
659 ## - Тематичен бюлетин
Тематичен бюлетин А
700 1# - Други автори (авторска отговорност)
Лично име Балевски, Михаил Герасков
Автороска отговорност (Описва отношението между автора и произведението) *
9 (RLIN) 346369
852 ## - Местоположение
Форматна сигнатура Цб 3.230.11535
852 ## - Местоположение
Форматна сигнатура МА 467
Фондова буква Фонд "Михаил Арнаудов"
856 4# - Електронен адрес и достъп
Електронен формат pdf - файл
856 4# - Електронен адрес и достъп
Електронен формат pdf - файл
999 ## - СИСТЕМНИ КОНТРОЛНИ НОМЕРА
Koha biblionumber 193741
Koha biblioitemnumber 193741
942 ## - АРТИКУЛИ
Вид на библиотечния материал Книги
Скрит в OPAC Не
Периодичен библиозапис Да
944 ## - СЪЗДАВАНЕ И РЕДАКЦИЯ на ЗАПИСА
Създаване/Редакция Създаване
Дата на регистрацията/редакция 14.03.2017
Служител, извършил регистрацията/редакцията Геновева_Генчева
944 ## - СЪЗДАВАНЕ И РЕДАКЦИЯ на ЗАПИСА
Създаване/Редакция Редакция
Дата на регистрацията/редакция 14.03.2017
Служител, извършил регистрацията/редакцията Геновева_Генчева
999 ## - СИСТЕМНИ КОНТРОЛНИ НОМЕРА
Koha biblioitemnumber 193741
999 ## - СИСТЕМНИ КОНТРОЛНИ НОМЕРА
Koha biblioitemnumber 193741
Наличности
Код за отписване Код за изгубен артикул Източник на класификационната схема Код за повреда Коз за рестрикции Код за отдаване Артикулен № Име на библиотеката - собственик Име на библиотеката, в която се намира в момента Статус (Текущо местоположение) Дата на вписване в системата Местоположение - отдел Цена в лева Инвентарен номер Систематично азбучна сигнатура Баркод Номер на екземпляра Цена в евро Служебна бележка Служебен тип на артикула
  Не е изгубен Universal Decimal Classification Не е повреден без рестрикции ползва се в читалня 339147 Регионална библиотека "Любен Каравелов" Русе Регионална библиотека "Любен Каравелов" Русе Хранилище 1932-01-01 Основен фонд - ползва се само за читалня 0.28 11535 Цб 3.230.11535 900000045140 1 0.14 N: стар фонд Дата: 01.01.1932 Книги
  Не е изгубен Universal Decimal Classification Не е повреден само за читалня Специални фондове ( старопечатни, редки и ценни, фонд М. Арнаудов) 339148 Регионална библиотека "Любен Каравелов" Русе Регионална библиотека "Любен Каравелов" Русе Фонд "Михаил Арнаудов" 1973-01-01 Фонд "Михаил Арнаудов" 10.00 587295 МА 467 120000587295 2 5.11 Дост: DA Вид: А N: стар фонд Дата: 01.01.1973 Книги
Vip Innovations Ltd, Rousse, Bulgaria 2025